[Event "Pereira Villegas 2nd"]
[Site "Pereira"]
[Date "2014.09.27"]
[Round "6"]
[White "Morales, Jhon Alexander"]
[Black "Castano, Duvan Martin"]
[Result "1/2-1/2"]
[WhiteElo "2271"]
[BlackElo "2317"]
[PlyCount "41"]
[EventDate "2014.09.25"]
[EventType "tourn"]
[EventRounds "10"]
[EventCountry "COL"]
[EventCategory "3"]
[SourceTitle "EXT 2015"]
[Source "ChessBase"]
[SourceDate "2014.11.20"]
[SourceVersion "1"]
[SourceVersionDate "2014.11.20"]
[SourceQuality "1"]

1. Nf3 Nf6 2. g3 g6 3. b3 Bg7 4. Bb2 0-0 5. d4 d6 6. Bg2 Nbd7 7. c4 e5 8. dxe5 Ng4 9. Nc3 Ngxe5 10. 0-0 a5 11. Rc1 Nc5 12. Ba1 Bh6 13. Nxe5 dxe5 14. Qxd8 Rxd8 15. Rcd1 Be6 16. Nd5 Bxd5 17. cxd5 Bg7 18. Rc1 b6 19. Rc4 f5 20. e4 fxe4 21. Rd1 1/2-1/2

[Event "COL-ch"]
[Site "Pereira"]
[Date "2011.09.29"]
[Round "10"]
[White "Castano, Duvan Martin"]
[Black "Morales, Jhon Alexander"]
[Result "1-0"]
[WhiteElo "2362"]
[BlackElo "2330"]
[PlyCount "63"]
[EventDate "2011.09.23"]
[EventType "tourn"]
[EventRounds "11"]
[EventCountry "COL"]
[EventCategory "5"]
[SourceTitle "CBM 144 Extra"]
[Source "ChessBase"]
[SourceDate "2011.10.28"]
[SourceVersion "1"]
[SourceVersionDate "2011.10.28"]
[SourceQuality "1"]

1. e4 c5 2. Nf3 d6 3. d4 cxd4 4. Nxd4 Nf6 5. Nc3 a6 6. Bd3 Nc6 7. Nxc6 bxc6 8. 0-0 e6 9. f4 Be7 10. Ne2 0-0 11. Ng3 Qc7 12. b3 Nd7 13. Bb2 Bf6 14. e5 dxe5 15. Nh5 Bd8 16. fxe5 g6 17. Qe2 Bg5 18. Qg4 h6 19. Qg3 Nc5 20. h4 Nxd3 21. cxd3 Be7 22. Nf6+ Bxf6 23. Rxf6 h5 24. Raf1 Qe7 25. Qg5 Qc5+ 26. d4 Qc2 27. Ba3 Bb7 28. Bc5 Rad8 29. Qh6 Qe4 30. R1f4 Qc2 31. Kh2 a5 32. Rxf7 1-0

[Event "COL-ch"]
[Site "Pereira"]
[Date "2011.09.28"]
[Round "9"]
[White "Escobar Forero, Alder"]
[Black "Castano, Duvan Martin"]
[Result "1-0"]
[WhiteElo "2466"]
[BlackElo "2362"]
[PlyCount "39"]
[EventDate "2011.09.23"]
[EventType "tourn"]
[EventRounds "11"]
[EventCountry "COL"]
[EventCategory "5"]
[SourceTitle "CBM 144 Extra"]
[Source "ChessBase"]
[SourceDate "2011.10.28"]
[SourceVersion "1"]
[SourceVersionDate "2011.10.28"]
[SourceQuality "1"]

1. e4 c5 2. Nf3 e6 3. d4 cxd4 4. Nxd4 Nf6 5. Nc3 d6 6. g4 Nc6 7. g5 Nd7 8. Bg2 a6 9. Be3 Be7 10. h4 0-0 11. Qe2 Nxd4 12. Bxd4 b5 13. 0-0-0 b4 14. e5 d5 15. Nxd5 Rb8 16. Nf6+ gxf6 17. gxf6 Bxf6 18. exf6 Kh8 19. Qh5 Qc7 20. Qh6 1-0

[Event "COL-ch"]
[Site "Pereira"]
[Date "2011.09.24"]
[Round "2"]
[White "Rios Parra, Alejandro"]
[Black "Castano, Duvan Martin"]
[Result "1/2-1/2"]
[WhiteElo "2362"]
[BlackElo "2362"]
[PlyCount "124"]
[EventDate "2011.09.23"]
[EventType "tourn"]
[EventRounds "11"]
[EventCountry "COL"]
[EventCategory "5"]
[SourceTitle "CBM 144 Extra"]
[Source "ChessBase"]
[SourceDate "2011.10.28"]
[SourceVersion "1"]
[SourceVersionDate "2011.10.28"]
[SourceQuality "1"]

1. e4 g6 2. d4 Bg7 3. Nc3 c6 4. Bc4 d6 5. Nge2 Nf6 6. Bb3 0-0 7. f3 Nbd7 8. Bg5 b5 9. Qd2 Re8 10. Bh6 Bh8 11. h4 a5 12. a4 b4 13. Nd1 c5 14. h5 Ba6 15. hxg6 hxg6 16. Ne3 Rc8 17. c3 Qb6 18. Rb1 c4 19. Bc2 b3 20. Bd1 e5 21. Bg5 Bb7 22. d5 Ba6 23. Kf1 Nh7 24. Bh4 Nc5 25. Ng4 Bg7 26. Bf2 Rf8 27. Nh6+ Kh8 28. g4 Qd8 29. Bxc5 Rxc5 30. Ng3 Qf6 31. g5 Bxh6 32. Rxh6 Qg7 33. Kg2 f6 34. gxf6 Rxf6 35. Be2 Rc7 36. Rbh1 Qf8 37. Qg5 Rg7 38. Nf1 Kg8 39. Qg3 Qe8 40. Ne3 Qxa4 41. Ng4 Rf4 42. Qh2 Qd7 43. Rh4 Kh8 44. Rh6 a4 45. Ne3 a3 46. bxa3 Rf8 47. Bxc4 Bxc4 48. Nxc4 Rb8 49. Nxe5 Qc7 50. Nxg6+ Kg8 51. Qh3 Qf7 52. Qe6 b2 53. Rb1 Re8 54. Qxd6 Qb7 55. Kf2 Qb3 56. Qc6 Qc2+ 57. Ke3 Qc1+ 58. Kd4 Rd8 59. Qe6+ Rf7 60. Rh1 Qd2+ 61. Kc4 Qe2+ 62. Kd4 Qd2+ 1/2-1/2

[Event "COL-ch sf"]
[Site "Santa Rosa"]
[Date "2011.06.26"]
[Round "10"]
[White "Castano, Duvan Martin"]
[Black "Rios, Cristhian Camilo"]
[Result "1/2-1/2"]
[WhiteElo "2324"]
[BlackElo "2409"]
[PlyCount "21"]
[EventDate "2011.06.22"]
[EventType "swiss"]
[EventRounds "11"]
[EventCountry "COL"]
[SourceTitle "CBM 143 Extra"]
[Source "ChessBase"]
[SourceDate "2011.08.29"]
[SourceVersion "1"]
[SourceVersionDate "2011.08.29"]
[SourceQuality "1"]

1. e4 c5 2. Nf3 e6 3. d4 cxd4 4. Nxd4 Nf6 5. Nc3 d6 6. Be2 Be7 7. 0-0 0-0 8. f4 Nc6 9. Be3 e5 10. Nb3 exf4 11. Bxf4 1/2-1/2

[Event "COL-ch"]
[Site "El Bagre"]
[Date "2010.06.30"]
[Round "8"]
[White "Tovio, Israel"]
[Black "Castano, Duvan Martin"]
[Result "0-1"]
[WhiteElo "2287"]
[BlackElo "2316"]
[PlyCount "68"]
[EventDate "2010.06.25"]
[EventType "tourn"]
[EventRounds "11"]
[EventCountry "COL"]
[EventCategory "5"]
[SourceTitle "CBM 137 Extra"]
[Source "ChessBase"]
[SourceDate "2010.09.01"]
[SourceVersion "1"]
[SourceVersionDate "2010.09.01"]
[SourceQuality "1"]

1. e4 c5 2. Nf3 e6 3. d4 cxd4 4. Nxd4 Nf6 5. Nc3 d6 6. Bg5 Be7 7. Qd2 a6 8. f3 b5 9. a4 bxa4 10. Rxa4 Bb7 11. Be2 h6 12. Be3 Nfd7 13. 0-0 Nc5 14. Ra2 g5 15. Rfa1 g4 16. b4 gxf3 17. Nxf3 Ncd7 18. b5 a5 19. Bxh6 Nf6 20. Bg5 Nbd7 21. Rd1 Bxe4 22. Nxe4 Nxe4 23. Bxe7 Qb6+ 24. Qd4 Kxe7 25. Ra3 e5 26. Qxb6 Nxb6 27. Re3 f5 28. g4 Rag8 29. Kf1 Rxg4 30. Nxe5 Rf4+ 31. Nf3 Rxh2 32. Rdd3 Nc4 33. b6 Rh8 34. Kg2 Rg4+ 0-1

[Event "COL-ch"]
[Site "El Bagre"]
[Date "2010.06.28"]
[Round "6"]
[White "Arenas Vanegas, David"]
[Black "Castano, Duvan Martin"]
[Result "1-0"]
[WhiteElo "2313"]
[BlackElo "2316"]
[PlyCount "103"]
[EventDate "2010.06.25"]
[EventType "tourn"]
[EventRounds "11"]
[EventCountry "COL"]
[EventCategory "5"]
[SourceTitle "CBM 137 Extra"]
[Source "ChessBase"]
[SourceDate "2010.09.01"]
[SourceVersion "1"]
[SourceVersionDate "2010.09.01"]
[SourceQuality "1"]

1. e4 c5 2. Nf3 e6 3. d4 cxd4 4. Nxd4 Nf6 5. Nc3 d6 6. g4 h6 7. h4 Nc6 8. Rg1 d5 9. exd5 Nxd5 10. Nxd5 Qxd5 11. Bg2 Qc4 12. Nxc6 bxc6 13. Be3 Ba6 14. c3 Qb5 15. Bf1 Qb7 16. Qb3 Be7 17. h5 Bg5 18. Bc5 0-0-0 19. Qxb7+ Kxb7 20. Rd1 Rxd1+ 21. Kxd1 Rd8+ 22. Kc2 Rd5 23. b4 Rd2+ 24. Kb3 Bxf1 25. Rxf1 Bf6 26. Re1 a6 27. Re4 Rd3 28. Re3 Rd2 29. Rf3 Kc7 30. g5 Bxg5 31. Rxf7+ Rd7 32. Rxd7+ Kxd7 33. Bd4 Bf6 34. Bxf6 gxf6 35. c4 Kc7 36. a4 Kd6 37. a5 e5 38. Ka4 Kc7 39. b5 Kb7 40. Kb4 f5 41. Kc5 axb5 42. cxb5 cxb5 43. Kxb5 e4 44. Kc5 f4 45. Kd4 e3 46. fxe3 f3 47. Kd3 Ka6 48. e4 Kxa5 49. Ke3 Kb5 50. Kxf3 Kc6 51. Kf4 Kd6 52. Kf5 1-0

[Event "Cali op"]
[Site "Cali"]
[Date "2009.12.28"]
[Round "4"]
[White "Castano, Duvan Martin"]
[Black "Prieto, Ernesto"]
[Result "1-0"]
[WhiteElo "2337"]
[BlackElo "2104"]
[PlyCount "103"]
[EventDate "2009.12.26"]
[EventType "swiss"]
[EventRounds "9"]
[EventCountry "COL"]
[SourceTitle "CBM 134 Extra"]
[Source "ChessBase"]
[SourceDate "2010.03.03"]
[SourceVersion "1"]
[SourceVersionDate "2010.03.03"]
[SourceQuality "1"]

1. e4 e5 2. Nf3 Nf6 3. Nxe5 d6 4. Nf3 Nxe4 5. Nc3 Nxc3 6. dxc3 Be7 7. Be3 0-0 8. Qd2 c6 9. 0-0-0 Qa5 10. a3 b5 11. c4 Qxd2+ 12. Nxd2 bxc4 13. Nxc4 d5 14. Na5 Bd8 15. Bd2 Bb6 16. f3 Be6 17. Bd3 c5 18. c4 Bxa5 19. Bxa5 Nc6 20. cxd5 Bxd5 21. Bc3 Bb3 22. Bc2 Bxc2 23. Kxc2 Rad8 24. Rxd8 Rxd8 25. Kb3 Nd4+ 26. Kc4 Ne6 27. Re1 h6 28. h4 g5 29. hxg5 hxg5 30. Rh1 f6 31. Rh6 Nf4 32. Rxf6 Nxg2 33. Rg6+ Kf8 34. Rxg5 Ne3+ 35. Kxc5 Rd3 36. f4 Nd1 37. Rd5 Nf2 38. Rxd3 Nxd3+ 39. Kb5 Nxf4 40. Ka6 Ke8 41. Kxa7 Kd7 42. Kb7 Ne6 43. b4 Nd8+ 44. Kb6 Kc8 45. Be5 Ne6 46. a4 Nf8 47. Kc6 Nd7 48. Bd6 Nf6 49. b5 Ne8 50. b6 Nxd6 51. Kxd6 Kb7 52. a5 1-0

[Event "Pan American-chT"]
[Site "Mendes"]
[Date "2009.08.09"]
[Round "1"]
[White "Fier, Alexandr"]
[Black "Castano, Duvan Martin"]
[Result "1-0"]
[WhiteElo "2604"]
[BlackElo "2337"]
[PlyCount "45"]
[EventDate "2009.08.09"]
[EventType "team-tourn"]
[EventRounds "5"]
[EventCountry "BRA"]
[SourceTitle "CBM 131 Extra"]
[Source "ChessBase"]
[SourceDate "2009.09.03"]
[SourceVersion "2"]
[SourceVersionDate "2009.09.16"]
[SourceQuality "1"]
[WhiteTeam "Brazil"]
[BlackTeam "Columbia"]
[WhiteTeamCountry "BRA"]
[BlackTeamCountry "COL"]

1. d4 Nf6 2. c4 e6 3. Nf3 Bb4+ 4. Bd2 Qe7 5. g3 Bxd2+ 6. Nbxd2 d6 7. Bg2 e5 8. 0-0 e4 9. Ng5 e3 10. Nde4 Nxe4 11. Nxe4 Bf5 12. Nc3 c6 13. b4 exf2+ 14. Rxf2 Qe3 15. Qb3 Qxd4 16. Rd1 Qe5 17. Nb5 cxb5 18. Rd5 Qe7 19. Rdxf5 0-0 20. Rxf7 Rxf7 21. Bd5 Kh8 22. Rxf7 Qe8 23. Qc3 1-0

[Event "American Continental 06th"]
[Site "Sao Paulo"]
[Date "2009.07.28"]
[Round "5"]
[White "Bhat, Vinay S"]
[Black "Castano, Duvan Martin"]
[Result "1-0"]
[WhiteElo "2473"]
[BlackElo "2337"]
[PlyCount "89"]
[EventDate "2009.07.25"]
[EventType "swiss"]
[EventRounds "11"]
[EventCountry "BRA"]
[SourceTitle "CBM 132 Extra"]
[Source "ChessBase"]
[SourceDate "2009.11.03"]
[SourceVersion "1"]
[SourceVersionDate "2009.11.03"]
[SourceQuality "1"]

1. d4 Nf6 2. c4 g6 3. Nc3 Bg7 4. e4 d6 5. Nf3 0-0 6. Be2 Na6 7. 0-0 e5 8. Be3 c6 9. d5 c5 10. Ne1 Ne8 11. Rb1 f5 12. f3 Nf6 13. Nd3 Nb4 14. a3 Nxd3 15. Bxd3 fxe4 16. Nxe4 Nxe4 17. fxe4 Rxf1+ 18. Qxf1 a5 19. b4 axb4 20. axb4 b6 21. Ra1 Bd7 22. b5 Rxa1 23. Qxa1 Bf6 24. Qa7 Bg5 25. Bf2 Bd2 26. Qa2 Bc3 27. Be2 Bd4 28. Qa7 h5 29. h3 Kg7 30. Bf3 Kh6 31. Kf1 g5 32. Bxd4 exd4 33. Ke1 g4 34. hxg4 hxg4 35. Be2 g3 36. Kd1 Kg5 37. Qa3 Kh4 38. Qf3 Qg5 39. Qf1 Qe5 40. Qf8 Kg5 41. Qd8+ Kf4 42. Qxd7 Ke3 43. Qg4 Kf2 44. Qf5+ Kxg2 45. Qf1+ 1-0

[Event "American Continental 06th"]
[Site "Sao Paulo"]
[Date "2009.07.26"]
[Round "3"]
[White "Mareco, Sandro"]
[Black "Castano, Duvan Martin"]
[Result "1-0"]
[WhiteElo "2503"]
[BlackElo "2337"]
[PlyCount "90"]
[EventDate "2009.07.25"]
[EventType "swiss"]
[EventRounds "11"]
[EventCountry "BRA"]
[SourceTitle "CBM 132 Extra"]
[Source "ChessBase"]
[SourceDate "2009.11.03"]
[SourceVersion "1"]
[SourceVersionDate "2009.11.03"]
[SourceQuality "1"]

1. d4 Nf6 2. c4 g6 3. Nc3 Bg7 4. e4 d6 5. Nf3 0-0 6. Be2 Na6 7. 0-0 e5 8. Be3 Ng4 9. Bg5 Qe8 10. Re1 c6 11. d5 f6 12. Bh4 c5 13. Nd2 Nh6 14. a3 Nf7 15. Nf1 Qd8 16. Bg4 Bxg4 17. Qxg4 Bh6 18. Ne3 Bg5 19. Bxg5 fxg5 20. Qe2 h5 21. f3 Kg7 22. b3 Qf6 23. Rf1 Qf4 24. Qd2 Nh6 25. Ne2 Qh4 26. Qe1 Rab8 27. Qxh4 gxh4 28. Nc3 Nc7 29. b4 Nf7 30. Rfb1 b6 31. Kf2 Kf6 32. Ke2 Ke7 33. Na2 Nd8 34. Nc1 Nb7 35. Nd3 b5 36. a4 bxc4 37. Nxc4 cxb4 38. Nxb4 Nd8 39. Nd3 Rxb1 40. Rxb1 Na6 41. Rb5 Nc7 42. Rb8 Rf6 43. Nb4 Kd7 44. Na5 Rf8 45. Nac6 a6 1-0

[Event "COL-ch"]
[Site "Buga"]
[Date "2009.06.06"]
[Round "6"]
[White "Morales, Jhon Alexander"]
[Black "Castano, Duvan Martin"]
[Result "0-1"]
[WhiteElo "2316"]
[BlackElo "2265"]
[PlyCount "94"]
[EventDate "2009.06.03"]
[EventType "tourn"]
[EventRounds "9"]
[EventCountry "COL"]
[EventCategory "1"]
[SourceTitle "CBM 130 Extra"]
[Source "ChessBase"]
[SourceDate "2009.07.02"]
[SourceVersion "2"]
[SourceVersionDate "2009.07.15"]
[SourceQuality "1"]

1. e4 c5 2. Nf3 e6 3. c4 a6 4. Nc3 d6 5. d4 cxd4 6. Nxd4 Nf6 7. Be2 Be7 8. 0-0 Qc7 9. Be3 0-0 10. Rc1 b6 11. f3 Bb7 12. Qd2 Nbd7 13. Kh1 Rac8 14. Rfd1 Rfe8 15. Bf1 Qb8 16. Qf2 Bd8 17. b4 Bc7 18. Qg1 Ne5 19. Nb3 Bd8 20. c5 dxc5 21. bxc5 b5 22. Rb1 Bc6 23. a3 Qa7 24. a4 b4 25. Nb5 axb5 26. axb5 Ba8 27. Ra1 Qe7 28. Bd4 Nc6 29. bxc6 Bxc6 30. Qf2 Qc7 31. Qb2 h6 32. Be3 Nd7 33. Ra5 Bf6 34. Qd2 Ra8 35. Rxa8 Rxa8 36. Bf4 Qb7 37. Nd4 Bxd4 38. Qxd4 b3 39. Be3 b2 40. Rb1 Rb8 41. Bf4 e5 42. Bxe5 Nxe5 43. Qxe5 Qb3 44. Qd4 Rb7 45. h3 Qa2 46. Qd1 Ba4 47. Qd3 Rd7 0-1

[Event "COL-ch"]
[Site "Buga"]
[Date "2009.06.05"]
[Round "5"]
[White "Castano, Duvan Martin"]
[Black "Barrientos Chavarriaga, Sergio E"]
[Result "1-0"]
[WhiteElo "2265"]
[BlackElo "2456"]
[PlyCount "131"]
[EventDate "2009.06.03"]
[EventType "tourn"]
[EventRounds "9"]
[EventCountry "COL"]
[EventCategory "1"]
[SourceTitle "CBM 130 Extra"]
[Source "ChessBase"]
[SourceDate "2009.07.02"]
[SourceVersion "2"]
[SourceVersionDate "2009.07.15"]
[SourceQuality "1"]

1. e4 c5 2. Nc3 e6 3. f4 a6 4. Nf3 b5 5. d3 Bb7 6. g3 d5 7. e5 Nh6 8. Bg2 Nc6 9. 0-0 Nf5 10. g4 Nfd4 11. f5 Be7 12. Nxd4 cxd4 13. Ne2 exf5 14. Ng3 0-0 15. Bf4 fxg4 16. Qxg4 Bc8 17. Nf5 Bxf5 18. Qxf5 Qc8 19. Qh5 Qe6 20. Rae1 Qg6 21. Qxg6 hxg6 22. Bxd5 Rac8 23. a3 Nd8 24. Re2 Rc5 25. Bb3 Ne6 26. Bd2 Rc7 27. Ref2 Bg5 28. Ba5 Be3 29. Bxe6 Rxc2 30. Bd7 Re2 31. Bc7 Rc2 32. Bd6 Rd8 33. Bh3 Rxb2 34. Kg2 Bxf2 35. Rxf2 Rb3 36. Rd2 f5 37. Kg3 Kf7 38. Bg2 Ke6 39. Bb7 g5 40. Bxa6 Rxd6 41. exd6 Kxd6 42. a4 bxa4 43. Bc4 Rb7 44. h4 gxh4+ 45. Kxh4 a3 46. Ra2 Ra7 47. Kg5 Ra5 48. Re2 Re5 49. Rf2 Kc5 50. Kf4 Re8 51. Rg2 Kb4 52. Rxg7 Ra8 53. Rg2 Kc3 54. Ra2 Ra5 55. Kg5 Kb4 56. Rc2 Rc5 57. Kf4 Ra5 58. Ba2 Kb5 59. Kxf5 Ra8 60. Ke4 Rd8 61. Bd5 Kb4 62. Kxd4 Rh8 63. Rc4+ Kb5 64. Kc3 Rh2 65. Rb4+ Ka5 66. Rb3 1-0

[Event "COL-ch"]
[Site "Buga"]
[Date "2009.06.05"]
[Round "4"]
[White "Ruiz Aguilar, Pablo Alexander"]
[Black "Castano, Duvan Martin"]
[Result "0-1"]
[WhiteElo "2212"]
[BlackElo "2265"]
[PlyCount "86"]
[EventDate "2009.06.03"]
[EventType "tourn"]
[EventRounds "9"]
[EventCountry "COL"]
[EventCategory "1"]
[SourceTitle "CBM 130 Extra"]
[Source "ChessBase"]
[SourceDate "2009.07.02"]
[SourceVersion "2"]
[SourceVersionDate "2009.07.15"]
[SourceQuality "1"]

1. e4 c5 2. Nf3 e6 3. d4 cxd4 4. Nxd4 Nf6 5. Nc3 d6 6. g3 a6 7. Bg2 Be7 8. 0-0 0-0 9. Be3 Qc7 10. h3 Nbd7 11. Kh2 Rb8 12. f4 b5 13. e5 dxe5 14. Nc6 Bd6 15. Nxb8 Qxb8 16. fxe5 Nxe5 17. Bf4 Bc7 18. Qe2 b4 19. Ne4 Nd5 20. Bd2 Bd7 21. a4 bxa3 22. b3 Ng6 23. c4 Nde7 24. Qd3 Bc6 25. Be1 Rd8 26. Qc2 Nf5 27. Rxf5 exf5 28. Nf6+ gxf6 29. Bxc6 f4 30. g4 Qb6 31. Bd5 Qe3 32. Rd1 Bb6 33. Qg2 f3 34. Qf1 Nf4 35. Bg3 Qe2+ 36. Qxe2 fxe2 37. Ra1 Nxd5 38. cxd5 Rxd5 39. Kg2 Rd1 40. Rxa3 Rg1+ 41. Kf3 Rxg3+ 42. Kxe2 Rxh3 43. Rxa6 Rxb3 0-1

[Event "COL-ch"]
[Site "Buga"]
[Date "2009.06.04"]
[Round "2"]
[White "Sanchez, Victor Hugo"]
[Black "Castano, Duvan Martin"]
[Result "0-1"]
[WhiteElo "2251"]
[BlackElo "2265"]
[PlyCount "102"]
[EventDate "2009.06.03"]
[EventType "tourn"]
[EventRounds "9"]
[EventCountry "COL"]
[EventCategory "1"]
[SourceTitle "CBM 130 Extra"]
[Source "ChessBase"]
[SourceDate "2009.07.02"]
[SourceVersion "2"]
[SourceVersionDate "2009.07.15"]
[SourceQuality "1"]

1. e4 c5 2. Nf3 e6 3. d4 cxd4 4. Nxd4 Nf6 5. Nc3 d6 6. Be3 Nc6 7. Be2 Be7 8. 0-0 0-0 9. f4 a6 10. Qe1 Qc7 11. Qg3 Nxd4 12. Bxd4 b5 13. a3 Bb7 14. Rae1 Rfd8 15. Kh1 Bc6 16. Bd3 Qb7 17. Qh3 g6 18. f5 e5 19. Be3 Nxe4 20. Nxe4 Bxe4 21. f6 Bf8 22. Bxe4 Qxe4 23. Bh6 Qc4 24. Bxf8 Kxf8 25. Qxh7 Ke8 26. Rf3 Kd7 27. Qh6 Rh8 28. Qd2 Rae8 29. h3 Rh4 30. Qa5 Qc6 31. Qd2 Rd4 32. Qf2 Qd5 33. Re2 Rd1+ 34. Re1 Rxe1+ 35. Qxe1 e4 36. Rc3 Re6 37. Qf2 Qb7 38. Qd4 Re5 39. Re3 Ke6 40. Qb4 Qd5 41. Qa5 Qd1+ 42. Re1 Qxc2 43. Qd8 Qf2 44. Rd1 d5 45. Qe7+ Kf5 46. Qxf7 e3 47. Qa7 Kxf6 48. Rc1 Kg5 49. Qc7 Qf6 50. Rc6 e2 51. h4+ Kxh4 0-1

[Event "COL-ch sf"]
[Site "Buga"]
[Date "2009.06.01"]
[Round "6.1"]
[White "Castano, Duvan Martin"]
[Black "Arenas Vanegas, David"]
[Result "1-0"]
[WhiteElo "2265"]
[BlackElo "2329"]
[PlyCount "43"]
[EventDate "2009.05.30"]
[EventType "swiss"]
[EventRounds "7"]
[EventCountry "COL"]
[SourceTitle "EXT 2024"]
[Source "ChessBase"]
[SourceDate "2023.10.10"]
[SourceVersion "1"]
[SourceVersionDate "2023.10.10"]
[SourceQuality "1"]

1. e4 c5 2. Nc3 d6 3. f4 a6 4. Nf3 e6 5. g4 d5 6. d3 Nf6 7. g5 dxe4 8. Ne5 Nfd7 9. Nxe4 Qc7 10. Bg2 Nxe5 11. fxe5 Qxe5 12. 0-0 Nc6 13. Qh5 Qc7 14. Be3 Nd4 15. Bf4 Qd7 16. Rf2 a5 17. Be5 Nf5 18. Re1 Kd8 19. Nf6 Qe7 20. Rxf5 g6 21. Qh4 gxf5 22. Nh5 1-0

[Event "COL-ch sf"]
[Site "Buga"]
[Date "2009.05.31"]
[Round "3.1"]
[White "Marin, Maria Fernanda"]
[Black "Castano, Duvan Martin"]
[Result "1/2-1/2"]
[WhiteElo "2088"]
[BlackElo "2265"]
[PlyCount "54"]
[EventDate "2009.05.30"]
[EventType "swiss"]
[EventRounds "7"]
[EventCountry "COL"]
[SourceTitle "EXT 2024"]
[Source "ChessBase"]
[SourceDate "2023.10.10"]
[SourceVersion "1"]
[SourceVersionDate "2023.10.10"]
[SourceQuality "1"]

1. e4 c5 2. Nf3 g6 3. c4 Nc6 4. d4 cxd4 5. Nxd4 Nf6 6. Nc3 Nxd4 7. Qxd4 Bg7 8. Be2 d6 9. Be3 0-0 10. Qd2 Be6 11. Rc1 Qa5 12. 0-0 Rfc8 13. b3 a6 14. Bf3 Rc7 15. a4 Rac8 16. Rfe1 Nd7 17. Nd5 Qxd2 18. Bxd2 Bxd5 19. exd5 Nc5 20. Rb1 b5 21. axb5 axb5 22. cxb5 Rb8 23. b6 Rcb7 24. Ba5 Ra8 25. b4 Na4 26. Be2 Nxb6 27. Bb5 Rab8 1/2-1/2

[Event "Bogota Mila Memorial op"]
[Site "Bogota"]
[Date "2009.04.??"]
[Round "7"]
[White "Mosquera Klinger, Miguel Alonso"]
[Black "Castano, Duvan Martin"]
[Result "1-0"]
[WhiteElo "2393"]
[BlackElo "2337"]
[PlyCount "55"]
[EventDate "2009.04.??"]
[EventType "swiss"]
[EventRounds "9"]
[EventCountry "COL"]
[SourceTitle "EXT 2014"]
[Source "ChessBase"]
[SourceDate "2013.11.20"]
[SourceVersion "1"]
[SourceVersionDate "2013.11.20"]
[SourceQuality "1"]

1. e4 c5 2. Nf3 g6 3. d4 cxd4 4. Nxd4 Bg7 5. Nc3 Nc6 6. Be3 Nf6 7. Bc4 0-0 8. Bb3 a5 9. f3 d5 10. Bxd5 Nxd5 11. Nxd5 Rb8 12. Nb5 Bxb2 13. Rb1 Be5 14. f4 Bg7 15. 0-0 e6 16. Nb6 e5 17. f5 gxf5 18. exf5 Nd4 19. Nxd4 exd4 20. Bf4 d3 21. Bxb8 Bd4+ 22. Kh1 dxc2 23. Qxc2 Bxb6 24. Be5 f6 25. Rfd1 Bd7 26. Qb3+ Rf7 27. Bxf6 Qxf6 28. Rxd7 1-0

[Event "Yumbo Mayor qual"]
[Site "Yumbo"]
[Date "2009.03.08"]
[Round "6"]
[White "Caicedo, Jaime Andres"]
[Black "Castano, Duvan Martin"]
[Result "0-1"]
[WhiteElo "1987"]
[BlackElo "2288"]
[PlyCount "56"]
[EventDate "2009.03.05"]
[EventType "swiss"]
[EventRounds "7"]
[EventCountry "COL"]
[SourceTitle "EXT 2011"]
[Source "ChessBase"]
[SourceDate "2010.11.26"]
[SourceVersion "1"]
[SourceVersionDate "2010.11.26"]
[SourceQuality "1"]

1. e4 c5 2. Nf3 e6 3. d4 cxd4 4. Nxd4 Nf6 5. Nc3 d6 6. Bc4 a6 7. 0-0 b5 8. Bb3 Be7 9. f4 Qc7 10. Re1 Nc6 11. Nxc6 Qxc6 12. f5 0-0 13. Bg5 b4 14. Nb1 Nxe4 15. Be3 Bb7 16. fxe6 fxe6 17. Bxe6+ Kh8 18. Re2 Bh4 19. Bh3 Bf2+ 20. Bxf2 Nxf2 21. Rxf2 Rxf2 22. Kxf2 Qc5+ 23. Kg3 Qe5+ 24. Kf2 Rf8+ 25. Kg1 Qe3+ 26. Kh1 Qxh3 27. Qe2 Qxg2+ 28. Qxg2 Rf1# 0-1

[Event "Yumbo Mayor qual"]
[Site "Yumbo"]
[Date "2009.03.08"]
[Round "7"]
[White "Castano, Duvan Martin"]
[Black "Ossa, Orlando Jose"]
[Result "0-1"]
[WhiteElo "2288"]
[BlackElo "2292"]
[PlyCount "28"]
[EventDate "2009.03.05"]
[EventType "swiss"]
[EventRounds "7"]
[EventCountry "COL"]
[SourceTitle "EXT 2011"]
[Source "ChessBase"]
[SourceDate "2010.11.26"]
[SourceVersion "1"]
[SourceVersionDate "2010.11.26"]
[SourceQuality "1"]

1. e4 e5 2. Nf3 Nc6 3. Bc4 Bc5 4. c3 Qe7 5. 0-0 d6 6. d4 Bb6 7. d5 Nb8 8. Bd3 Nf6 9. Nbd2 a6 10. Nc4 Ba7 11. Ne3 0-0 12. h3 Nh5 13. Nxe5 Qxe5 14. Nc4 Qg3 0-1

[Event "Yumbo Mayor qual"]
[Site "Yumbo"]
[Date "2009.03.06"]
[Round "2"]
[White "Moran, Daniel Stiven"]
[Black "Castano, Duvan Martin"]
[Result "0-1"]
[WhiteElo "2056"]
[BlackElo "2288"]
[PlyCount "46"]
[EventDate "2009.03.05"]
[EventType "swiss"]
[EventRounds "7"]
[EventCountry "COL"]
[SourceTitle "EXT 2011"]
[Source "ChessBase"]
[SourceDate "2010.11.26"]
[SourceVersion "1"]
[SourceVersionDate "2010.11.26"]
[SourceQuality "1"]

1. d4 Nf6 2. c4 e6 3. Nc3 Bb4 4. Nf3 c5 5. g3 Ne4 6. Qd3 cxd4 7. Nxd4 Qa5 8. Ndb5 a6 9. Qxe4 axb5 10. Bd2 bxc4 11. Qxc4 Nc6 12. e4 Ne5 13. Qe2 b6 14. Qe3 Ba6 15. Nb1 Bxf1 16. Kxf1 Nc4 17. Qd4 Nxd2+ 18. Nxd2 Bxd2 19. Rd1 Qb5+ 20. Kg2 Bh6 21. a3 0-0 22. Qxd7 Qxb2 23. Rb1 Qc2 0-1